Beste Bundesliga Torschützen TSG 1899 Hoffenheim - Statistiken

Allgemein
  • Dieses Quiz wurde 638 mal gespielt
    9 seit der letzten Aktualisierung
  • Das Durchschnittsergebnis liegt bei 16 aus 19
Antwortstatistiken
Saison Nationalität Tore Spieler % Korrekt
2016/17 Kroatien 15 Andrej Kramarić
100%
2018/19 Kroatien 17 Andrej Kramarić
100%
2019/20 Kroatien 12 Andrej Kramarić
100%
2020/21 Kroatien 20 Andrej Kramarić
100%
2022/23 Kroatien 12 Andrej Kramarić
100%
2024/25 Kroatien 11 Andrej Kramarić
100%
2025/26 Kroatien 14 Andrej Kramarić
100%
2008/09 Bosnien und Herzegowina 18 Vedad Ibišević
100%
2009/10 Bosnien und Herzegowina 12 Vedad Ibišević
100%
2011/12 Bosnien und Herzegowina 13 Vedad Ibišević
100%
2013/14 Brasilien 16 Roberto Firmino
88%
2021/22 Frankreich 8 Georginio Rutter
63%
2010/11 Island 9 Gylfi Sigurðsson
63%
2014/15 Deutschland 8 Kevin Volland
63%
2015/16 Deutschland 8 Kevin Volland
63%
2015/16 Deutschland 8 Mark Uth
63%
2017/18 Deutschland 14 Mark Uth
63%
2023/24 Deutschland 16 Maximilian Beier
63%
2012/13 Bosnien und Herzegowina 7 Sejad Salihović
63%
Keine übereinstimmenden Quizze gefunden
Verteilung der Resultate
Anzahl Personen mit jedem Resultat
Perzentil nach korrekt beantworteten Fragen
Ihre Resultats-Entwicklung
Sie haben dieses Quiz seit der letzten Aktualisierung nicht gespielt